Evaluación de la participación en la toma de decisiones en los proyectos desarrollados por el Instituto Nacional de Geología y Minería (Registro nro. 1101)
[ vista simple ]
| 000 -CABECERA | |
|---|---|
| campo de control de longitud fija | 02010nam a22002057a 4500 |
| 001 - NÚMERO DE CONTROL | |
| campo de control | T027600013325 |
| 008 - DATOS DE LONGITUD FIJA--INFORMACIÓN GENERAL | |
| campo de control de longitud fija | 181014b xve||||| m 0 e0p | esp |
| 040 ## - FUENTE DE LA CATALOGACIÓN | |
| Centro catalogador/agencia de origen | FEVP |
| Centro/agencia transcriptor | FEVP |
| 041 ## - CÓDIGO DE LENGUA | |
| Código de lengua del texto/banda sonora o título independiente | spa |
| 099 ## - SIGNATURA TOPOGRÁFICA LOCAL | |
| Sigla especial | EVP T-G.P. |
| Cutter | B467 |
| 100 ## - ENTRADA PRINCIPAL--NOMBRE DE PERSONA | |
| Apellido (s), Nombre (s) | Benítez, Olga |
| 245 ## - MENCIÓN DE TÍTULO | |
| Título | Evaluación de la participación en la toma de decisiones en los proyectos desarrollados por el Instituto Nacional de Geología y Minería |
| 260 ## - PUBLICACIÓN, DISTRIBUCIÓN, ETC. (PIE DE IMPRENTA) | |
| Fecha de publicación, distribución, etc. | Octubre, 2008 |
| 300 ## - DESCRIPCIÓN FÍSICA | |
| Extensión | ix, 73 pp. |
| 500 ## - NOTA GENERAL | |
| Nota general | Impreso |
| 502 ## - NOTA DE TESIS | |
| Nota de tesis | TESIS -- Especialista, Especialista en Gerencia Pública |
| 520 ## - NOTA DE RESUMEN, ETC. (R) | |
| Sumario, etc. | La toma de decisión en cualquier ámbito requiere sopesar en una balanza, varios aspectos, tales como: habilidades personales, recursos físicos, estado de la situación, etc., pero lo más significativo, para un gerente, ante una decisión que afectará aun grupo de personas, es el conocimiento de una opinión general, que disminuya el riesgo de ignorar variables importantes que puedan influir en su decisión. Dentro del Instituto Nacional de Geología y Minería (INGEOMIN), se desarrollan proyectos de investigación en el área de geociencias, los cuales ameritan tomar decisiones con distintos escenarios y múltiples variables, situación que exige la consulta de personas que están involucradas en las áreas de interés. Sin embargo, existe un bajo nivel de participación del personal técnico y profesional en la toma de decisiones: es por ello, que el objeto de este trabajo, persigue evaluar esa participación, con el propósito, bien sea, de describirla, interpretarla y de acuerdo a los resultados obtenidos, hacer las sugerencias y recomendaciones pertinentes. La metodología que se utilizará consiste en una investigación de campo no experimental, que evaluará los atributos de los empleados, del supervisor, de la situación y alcance que afectan la participación en la toma de decisiones, para establecer las estrategias derivadas de esta investigación. |
| 700 ## - PUNTO DE ACCESO ADICIONAL--NOMBRE DE PERSONA | |
| Nombre de persona | González C., Jorge B. |
| 942 ## - ELEMENTOS DE PUNTO DE ACCESO ADICIONAL (KOHA) | |
| Tipo de ítem Koha | Tesis |
| Estado de retiro | Estado de pérdida | Fuente del sistema de clasificación o colocación | Estado dañado | No para préstamo | Localización permanente | Ubicación/localización actual | Fecha de adquisición | Total de préstamos | Signatura topográfica completa | Código de barras | Fecha visto por última vez | Precio válido a partir de | Tipo de ítem Koha |
|---|---|---|---|---|---|---|---|---|---|---|---|---|---|
| Oscar Varsavsky | Oscar Varsavsky | 31.10.2018 | EVP T-G.P. B467 | T027600017036 | 31.10.2018 | 31.10.2018 | Tesis |